000 004610000a22001810004500
041 0 _aSPA
082 0 4 _aG 232.9 F6341t
100 1 _aFlores, José
245 1 0 _aTítulos del Señor / José Flores
260 _aMadrid, España : Literatura Cristiana
300 _a128 Pag
650 1 4 _aJESUCRISTO - NOMBRE
001 3644
942 _cBK
999 _c34289
_d34289
336 _atexto
_btxt
_2rdacontent
337 _2rdamedia
_asin mediación
_bn
338 _2rdacarrier
_avolumen
_bnc